[Event "Challenge"]
[Site "http://www.queenalice.com/game.php?id=824329"]
[Date "2010.8.27"]
[Round "-"]
[White "Jelmoh"]
[Black "CrazyPoet"]
[Result "0-1"]
[WhiteElo "1262"]
[BlackElo "1724"]

1. e4 e5 2. Nf3 Nc6 3. b3 f5 4. exf5 d5 5. Bb5 Bxf5 6. Nxe5 Qg5 7. Qf3 Bd6 8.
Bxc6+ bxc6 9. Bb2 Ne7 10. O-O O-O 11. Re1 Bxc2 12. Qg3 Qxg3 13. hxg3 Rae8 14. d3
Nf5 15. Nd2 Bxe5 16. Bxe5 Bxd3 17. Nf3 Re7 18. Rac1 Bb5 19. a4 Ba6 20. Rxc6 Bb7
21. Rc5 Rfe8 22. Rcc1 Nh6 23. Bxc7 Rxe1+ 24. Nxe1 Nf5 25. g4 Nd4 26. Rc3 Ne2+
27. Kh2 Nxc3 28. Nf3 Re7 29. Bd6 Rd7 30. Be5 Ne2 31. Nd2 d4 32. f4 d3 33. f5 Nc1
34. g5 Bd5 35. b4 Nb3 36. Nf1 d2 37. Nxd2 Nxd2 38. a5 Bf3 39. gxf3 Nxf3+ 40. Kg3
Nxe5 41. f6 Rd4 42. b5 Nc4 43. g6 hxg6 44. fxg7 Nxa5 0-1

[Event "Challenge"]
[Site "http://www.queenalice.com/game.php?id=824331"]
[Date "2010.8.27"]
[Round "-"]
[White "Jelmoh"]
[Black "ries87"]
[Result "0-1"]
[WhiteElo "1196"]
[BlackElo "1481"]

1. e4 c5 2. Nf3 e6 3. Bc4 d5 4. Bb5+ Bd7 5. Nc3 a6 6. a4 axb5 7. b3 g6 8. Ba3 b4
9. Ne2 bxa3 10. Rxa3 c4 11. Nc3 Bxa3 12. Qa1 Bb4 13. h4 dxe4 14. Ne5 Qf6 15.
Nxc4 Nc6 16. g3 Nd4 17. O-O b5 0-1

[Event "Challenge"]
[Site "http://www.queenalice.com/game.php?id=824332"]
[Date "2010.8.27"]
[Round "-"]
[White "CrazyPoet"]
[Black "Jelmoh"]
[Result "1-0"]
[WhiteElo "1710"]
[BlackElo "1100"]

1. d4 d5 2. c4 c6 3. Nc3 Nf6 4. Bf4 Nfd7 5. e4 Nf6 6. e5 Ne4 7. cxd5 cxd5 8. Nf3
Qa5 9. Bd2 Bd7 10. Nxe4 Qa4 11. Qc1 e6 12. Qc7 Qa6 13. Bxa6 bxa6 14. Qb7 Bc6 15.
Qc8+ Ke7 16. Bb4# 1-0

[Event "Challenge"]
[Site "http://www.queenalice.com/game.php?id=825930"]
[Date "2010.8.31"]
[Round "-"]
[White "shatranj"]
[Black "Jelmoh"]
[Result "0-1"]
[WhiteElo "1198"]
[BlackElo "1167"]

1. e4 e5 2. Nf3 Nc6 3. Nc3 b6 4. Bc4 Be7 5. Nd5 f6 6. O-O Na5 7. d3 Bb7 8. Bb5
c6 9. Nc3 cxb5 10. Nxb5 Bc6 11. Nc3 Bc5 12. Nh4 Ne7 13. Qh5+ Kf8 14. Be3 Rb8 15.
b4 Bxb4 16. Ne2 g6 17. Nxg6+ Nxg6 18. Qh6+ Ke8 19. Rab1 Qe7 20. c3 Ba3 21. d4
Bxe4 22. Qh3 Bd3 23. Qf3 Bxb1 24. Rxb1 Nh4 25. Qh5+ Qf7 26. Qxh4 Rg8 27. dxe5
Qg7 28. Nf4 Rc8 29. Nh5 Qxg2# 0-1

[Event "Challenge"]
[Site "http://www.queenalice.com/game.php?id=825931"]
[Date "2010.8.31"]
[Round "-"]
[White "shatranj"]
[Black "Jelmoh"]
[Result "0-1"]
[WhiteElo "1323"]
[BlackElo "1261"]

1. d4 e5 2. Nf3 Bb4+ 3. Bd2 Qe7 4. c3 Ba5 5. Bg5 f6 6. Be3 Nc6 7. g3 d6 8. Na3
b6 9. dxe5 dxe5 10. Nd2 Bxc3 11. Rb1 Bd7 12. bxc3 Qxa3 13. Qc2 Nge7 14. Rb3 Qa4
15. Bg2 O-O-O 16. Qd3 Qxa2 17. Nb1 Qxb3 18. O-O Be6 19. Nd2 Qa4 20. Qb1 Bf5 21.
Be4 g6 22. Bc2 Bxc2 23. Qe1 Nd5 24. Nf3 Nxe3 25. fxe3 Rd1 26. Qf2 Rhd8 27. Ne1
Na5 28. Qxf6 Nc6 29. Qf3 a5 30. Qf7 Qb3 31. Qxh7 g5 32. Qh3+ Kb7 33. g4 Qxc3 34.
Qg3 R8d2 35. h3 Rxe2 36. Qf3 Rdxe1 37. h4 e4 38. Qg3 gxh4 39. Qf4 Qxe3+ 40. Qxe3
Rxe3 41. g5 Ne5 42. Kf2 Bd3 43. Rxe1 Rg3 44. Rh1 e3+ 45. Ke1 e2 46. Kd2 Rxg5 47.
Rxh4 Nf3+ 48. Kxd3 e1=Q 49. Kc4 Qxh4+ 50. Kd3 Ne5+ 51. Kc3 Rg3+ 52. Kc2 Qh2+ 53.
Kc1 Rg1# 0-1

[Event "Challenge"]
[Site "http://www.queenalice.com/game.php?id=826031"]
[Date "2010.8.31"]
[Round "-"]
[White "kleberrocha"]
[Black "Jelmoh"]
[Result "0-1"]
[WhiteElo "988"]
[BlackElo "1100"]

1. g3 e5 2. Nc3 Nf6 3. e4 b6 4. Nf3 Qe7 5. Bh3 Bb7 6. d3 d5 7. Bf5 g6 8. Nxd5
Qc5 9. Nxf6+ Ke7 10. Be3 Qb4+ 11. Ke2 Bg7 12. c3 Qxb2+ 13. Qd2 Qb5 14. Rab1 Qc6
15. Nxe5 Qxf6 16. Bc5+ Kd8 17. d4 gxf5 18. c4 Bxe4 19. Nd7 Nxd7 20. Ba3 Bxh1 21.
Qe3 Be4 22. Rb5 Re8 23. Rc5 Bh6 24. Qb3 Bc2+ 25. Qe3 Rxe3+ 26. fxe3 bxc5 27.
dxc5 Qg5 0-1

[Event "Challenge"]
[Site "http://www.queenalice.com/game.php?id=826549"]
[Date "2010.9.1"]
[Round "-"]
[White "Jelmoh"]
[Black "MarcD"]
[Result "0-1"]
[WhiteElo "1294"]
[BlackElo "2128"]

1. e4 d5 2. exd5 Nf6 3. Bb5+ Bd7 4. Bc4 c6 5. Nc3 Qa5 6. b3 cxd5 7. d3 dxc4 8.
Bb2 cxd3 9. cxd3 Nc6 10. Qf3 e6 11. O-O-O Be7 12. Re1 O-O 13. g3 Rfd8 14. Re4
Nxe4 15. Qxe4 Rac8 16. Nh3 Bf6 17. Re1 Nb4 18. Nf4 Nxa2+ 19. Kb1 Nxc3+ 20. Bxc3
Qxc3 21. Re2 Qa1# 0-1

[Event "Challenge"]
[Site "http://www.queenalice.com/game.php?id=826550"]
[Date "2010.9.1"]
[Round "-"]
[White "MarcD"]
[Black "Jelmoh"]
[Result "1-0"]
[WhiteElo "2125"]
[BlackElo "1262"]

1. d4 Nc6 2. Nf3 e5 3. dxe5 d6 4. exd6 Qxd6 5. Qxd6 cxd6 6. c3 g6 7. Bf4 Nf6 8.
e3 Bg7 9. Bxd6 Bf8 10. Bxf8 Rxf8 11. Be2 Bf5 12. Nbd2 O-O-O 13. Nb3 Rfe8 14. O-O
h5 15. Nbd4 a6 16. Nxc6 bxc6 17. Bxa6+ Kb8 18. Bc4 c5 19. Bxf7 Re7 20. Bc4 Re4
21. Bb5 Rd6 22. Rad1 Kc7 23. Rxd6 Kxd6 24. Rd1+ Ke7 25. h3 g5 26. Bd3 c4 27.
Bxe4 Bxe4 28. Nxg5 Bc2 29. Rd2 Be4 30. Nxe4 Nxe4 31. Rd4 Nd6 32. Rxd6 Kxd6 33.
Kf1 h4 34. Ke2 1-0

[Event "Challenge"]
[Site "http://www.queenalice.com/game.php?id=833598"]
[Date "2010.9.16"]
[Round "-"]
[White "YuGi"]
[Black "Jelmoh"]
[Result "0-1"]
[WhiteElo "1277"]
[BlackElo "1233"]

1. e4 Nc6 2. Qf3 Ne5 3. Qf4 d6 4. d4 Ng6 5. Bc4 Nxf4 6. Bxf4 c5 7. dxc5 dxc5 8.
Na3 Qd4 9. Rb1 Qxe4+ 10. Ne2 Qxg2 11. Rg1 Qf3 12. Rd1 g6 13. Rg3 Qh5 14. Nb5 Qf5
0-1

[Event "Challenge"]
[Site "http://www.queenalice.com/game.php?id=834358"]
[Date "2010.9.18"]
[Round "-"]
[White "alysson_wander"]
[Black "Jelmoh"]
[Result "0-1"]
[WhiteElo "1122"]
[BlackElo "1288"]

1. e4 Nf6 2. e5 Nd5 3. Bc4 e6 4. d4 c6 5. h4 Be7 6. Nf3 O-O 7. b3 b6 8. h5 Bb4+
9. Bd2 Na6 10. a3 Bxd2+ 11. Kxd2 b5 0-1

[Event "AUTO-BEG-424"]
[Site "http://www.queenalice.com/game.php?id=838037"]
[Date "2010.9.26"]
[Round "1"]
[White "Jelmoh"]
[Black "Dolskkier"]
[Result "0-1"]
[WhiteElo "1289"]
[BlackElo "1957"]

1. e4 e6 2. b3 d5 3. Nc3 dxe4 4. Nxe4 Be7 5. Bb2 Nf6 6. Bb5+ Bd7 7. Qe2 O-O 8.
f3 Bxb5 9. Qxb5 Qd5 10. c4 Qxb5 11. cxb5 Nbd7 12. Be5 Nxe4 13. fxe4 Nxe5 14. Nf3
Nd3+ 15. Ke2 Rad8 16. Ne1 Nf4+ 17. Ke3 Bg5 18. Rc1 Nd3+ 19. Ke2 Nxc1+ 20. Kd1
Rxd2+ 0-1

[Event "AUTO-BEG-424"]
[Site "http://www.queenalice.com/game.php?id=838041"]
[Date "2010.9.26"]
[Round "1"]
[White "Jelmoh"]
[Black "castropereira"]
[Result "1-0"]
[WhiteElo "1233"]
[BlackElo "1096"]

1. d4 c6 2. e4 Nf6 3. Nc3 e6 4. Bg5 c5 5. Bxf6 gxf6 6. f3 cxd4 7. Qxd4 Nc6 8.
Qe3 Be7 9. O-O-O Rg8 10. Bb5 Nb8 11. Nge2 a6 12. Ba4 Rh8 13. Qh6 e5 14. Qg7 Rf8
15. Qxh7 b6 16. Nd5 Ra7 17. c4 Rc7 18. Nxb6 Rxc4+ 19. Nxc4 Nc6 20. b3 Ba3+ 21.
Nxa3 Nb4 22. Nc3 Qc7 23. Nb1 Kd8 24. Qg7 Qc5 25. Qxf6+ Kc7 26. Rd2 Nc6 27. Rd5
Qb6 28. Nd2 Qf2 29. Rf1 d6 30. Rxf2 a5 31. Rxd6 Bb7 32. Nd5+ Kb8 33. Ne7 Re8 34.
Nxc6+ Ka8 35. Qxf7 Rc8 36. Nc4 Rxc6 37. Bxc6 Bxc6 38. Rxc6 Kb8 39. Re6 Ka8 40.
Re8# 1-0

[Event "AUTO-BEG-424"]
[Site "http://www.queenalice.com/game.php?id=838042"]
[Date "2010.9.26"]
[Round "1"]
[White "castropereira"]
[Black "Jelmoh"]
[Result "0-1"]
[WhiteElo "1096"]
[BlackElo "1253"]

1. g4 d5 2. g5 e6 3. b4 Bxb4 4. c3 Bd6 5. a3 Qxg5 6. d3 Qf5 7. e4 dxe4 8. f4
Bxf4 9. Qe2 Bxc1 10. dxe4 Qc5 11. Qd1 Bb2 12. Ra2 Bxc3+ 13. Nxc3 Qxc3+ 14. Qd2
Qc6 15. Rc2 Qxe4+ 16. Qe2 Qxh1 17. Bg2 Qxg1+ 18. Qf1 Qxh2 19. Rxc7 Qxc7 20. Kf2
b6 21. Kg1 Ba6 22. Bxa8 Bxf1 23. Kxf1 a5 24. Be4 Nf6 25. Bf3 Qf4 26. Kf2 O-O 27.
a4 b5 28. Kg2 g5 29. Kf2 g4 30. Kg2 gxf3+ 31. Kf2 bxa4 32. Kf1 f2 33. Kg2 f1=Q#
0-1

[Event "Challenge"]
[Site "http://www.queenalice.com/game.php?id=838875"]
[Date "2010.9.27"]
[Round "-"]
[White "marcelohr"]
[Black "Jelmoh"]
[Result "1-0"]
[WhiteElo "1275"]
[BlackElo "1262"]

1. d4 Nc6 2. Nf3 d5 3. c4 Nf6 4. Nc3 dxc4 5. e4 Be6 6. d5 Na5 7. dxe6 fxe6 8.
Ng5 Qd6 9. b3 Qe5 10. Qd2 h6 11. b4 Nc6 12. Nf3 Qh5 13. Bxc4 Rd8 14. Qe3 b6 15.
Qf4 Rd6 16. Ba3 Qg4 17. Qe3 Qxg2 18. Ke2 Qh3 19. b5 Na5 20. Bxd6 Nxc4 21. Qd4
Nxd6 22. e5 Nf5 23. Qc4 Nd5 24. Nxd5 exd5 25. Qxd5 Qg4 26. e6 g5 27. Rad1 Bg7
28. Qd8# 1-0

[Event "Challenge"]
[Site "http://www.queenalice.com/game.php?id=838876"]
[Date "2010.9.27"]
[Round "-"]
[White "Jelmoh"]
[Black "marcelohr"]
[Result "0-1"]
[WhiteElo "1294"]
[BlackElo "1208"]

1. e4 e5 2. Bc4 c5 3. Qf3 Nf6 4. Nc3 Nc6 5. b3 a6 6. Ba3 b5 7. Bd5 b4 8. Bxb4
cxb4 9. Na4 Bd6 10. O-O-O Nd4 11. Qe3 Qc7 12. f3 Qxc2# 0-1